00542nam a2200205Ia 4500003000400000005001700004008004100021020002200062040000700084041000800091082001300099100004000112245002700152260004200179300001700221365001600238440004000254650002600294650001600320OSt20230509112720.0210423s2012 xx 000 0 und d a978-0-7637-8247-5 cAL aeng a515 DAMM aDAMIANO (David V);FREIJE (Margaret) aMultivariable calculus aUKbJones & Bartlett Publishersc2012 axvii,541bHB b5116.8cINR aInternational Series in Mathematics aMathematical Analysis aMathematics